| 000 | 00812nam a2200241 i 4500 | ||
|---|---|---|---|
| 001 | 19500 | ||
| 003 | ES-MaACL | ||
| 005 | 20241119124450.0 | ||
| 007 | t| | ||
| 008 | 021001s1986 sp ||||1| spa d | ||
| 020 | _a84-249-1042-7 | ||
| 100 | 1 |
_aAbad Nebot, Francisco, _d1948- _917931 |
|
| 245 | 1 | 0 |
_aDiccionario lingüístico de la Escuela Española / _cFrancisco Abad ; prólogo de Rafael Lapesa. |
| 260 |
_aMadrid : _bGredos, _c[1986] |
||
| 300 |
_a281 p. ; _c20 cm. |
||
| 490 | 1 |
_aBiblioteca románica hispánica. V. Diccionarios ; _v12 |
|
| 500 | _aIndice. | ||
| 504 | _aBibliografía. | ||
| 700 | 0 |
_aLapesa, Rafael, _d1908-2001 _970146 |
|
| 830 | 0 |
_aBiblioteca románica hispánica. V. Diccionarios ; _v12 _9179266 |
|
| 852 |
_aES-MaACL _jL-10881 _bR.112473 |
||
| 999 |
_c19500 _d19500 |
||